| Tag |
First Indicator |
Second Indicator |
Subfields |
| LEADER |
00000cam a2200000 4500 |
| 001 |
in00001097607 |
| 005 |
20150929185153.0 |
| 008 |
761119s1916 gw 000 0 ger c |
| 010 |
|
|
|a af 47001187
|
| 035 |
|
|
|a (OCoLC)02568300
|
| 035 |
|
|
|9 AFS5110AM
|
| 040 |
|
|
|a Yale. univ. Library
|c HUC
|d SER
|d m.c.
|d TXA
|d UtOrBLW
|
| 049 |
|
|
|a TXAM
|
| 050 |
0 |
0 |
|a PT2617.U28
|b J8
|
| 090 |
|
|
|a PT2617.U28
|b J8 1916z
|
| 100 |
1 |
|
|a Huch, Ricarda Octavia,
|d 1864-1947.
|
| 245 |
1 |
4 |
|a Das Judengrab ;
|b Aus Bimbos Seelenwanderungen, zwei Erzählungen /
|c von Ricarda Huch.
|
| 264 |
|
1 |
|a Leipzig :
|b Insel-Verlag,
|c [1916?]
|
| 300 |
|
|
|a 62 pages ;
|c 19 cm.
|
| 336 |
|
|
|a text
|b txt
|2 rdacontent
|
| 337 |
|
|
|a unmediated
|b n
|2 rdamedia
|
| 338 |
|
|
|a volume
|b nc
|2 rdacarrier
|
| 490 |
0 |
|
|a Insel-Bücherei ;
|v nr. 193
|
| 500 |
|
|
|a "11.-20. tausend."
|
| 740 |
0 |
|
|a Aus Bimbos Seelenwanderungen.
|
| 999 |
|
|
|a MARS
|
| 999 |
f |
f |
|s 9b208328-51a4-3502-bbd2-9f17fc73aa1d
|i 353877a7-eb6b-3a1b-a5c4-25e5e8631332
|t 0
|
| 952 |
f |
f |
|p ric
|a Texas A&M University
|b Rellis Campus
|c Joint Library Facility
|d Remote Storage
|t 0
|e PT2617.U28 J8 1916z
|h Library of Congress classification
|i unmediated -- volume
|m A14816587669
|
| 998 |
f |
f |
|a PT2617.U28 J8 1916z
|t 0
|l Remote Storage
|